U.S. Cities Over 100,000 - H - Statistics

General Stats
  • This quiz has been taken 121 times
  • The average score is 6 of 11
Answer Stats
Pop. City % Correct
2,099,451 Houston
100%
337,256 Honolulu
79%
124,775 Hartford
68%
224,669 Hialeah
63%
257,729 Henderson
60%
189,992 Huntington Beach
53%
180,105 Huntsville
48%
140,768 Hollywood
44%
137,436 Hampton
40%
144,186 Hayward
26%
104,371 High Point
24%
No matching quizzes found
Score Distribution
Percent of People with Each Score
Percentile by Number Answered
Your Score History
You have not taken this quiz